000 00524nam a2200169 a 4500
001 000036492
005 20200930075748.0
008 120118s1991 sp ac 000 0 spa d
020 _a8477821682
040 _aDO-SdBNP
_bspa
_cBNPHU
082 _axxxx
_bC962
245 0 0 _aCuba ilustrada :
_bLa Real Comisión de Guantanamo 1796-1802.
260 _aBarcelona :
_bLunwerg Editores,
_c[1991].
300 _a2 v. :
_bils. ;
_c28 cm.
710 2 _aSociedad Estatal Quinto Centenario
_962730
710 2 _aReal Jardin Botanico
_962731
999 _c35983
_d35983